| 000 | 00584nam a22001937a 4500 | ||
|---|---|---|---|
| 005 | 20140310182807.0 | ||
| 008 | 130215t xxu||||| |||| 00| 0 eng d | ||
| 020 | _a088166233X | ||
| 050 |
_aHQ 769 _b.L513 2001 |
||
| 100 | _aLighter, Dawn. | ||
| 245 |
_aGentle discipline : _b50 effective techniques for teaching your children good behavior / _cDawn Lighter. |
||
| 260 |
_aDeephaven, MN : _bMeadowbrook Press, _c2001. |
||
| 300 |
_a107 p. : _c22 cm. |
||
| 521 | _aPSYCH | ||
| 650 | _aChild rearing | ||
| 650 | _aDiscipline of children | ||
| 942 |
_2lcc _cBK _kLOC |
||
| 999 |
_c16106 _d16106 |
||